| 000 | 00784nam a2200241 i 4500 | ||
|---|---|---|---|
| 001 | bg | ||
| 100 | 1 | _aKAROLAK, Czesław | |
| 245 | 1 | 0 |
_aDzieje kultury niemieckiej / _cCzesław Karolak, Wojciech Kunicki, Hubert Orłowski. |
| 260 |
_aWarszawa : _bWydawnictwo Naukowe PWN, _c2006. |
||
| 300 |
_a572, [1] s., [36] s. tabl. : _bfot. (w tym kolor.), mapy, portr. ; _c24 cm. |
||
| 504 | _aBibliogr. Indeks. | ||
| 651 | 9 |
_aNiemcy _xkultura |
|
| 700 | 1 | _aKUNICKI, Wojciech | |
| 700 | 1 | _aORŁOWSKI, Hubert | |
| 020 | _a8301147326 | ||
| 040 | _cBPK | ||
| 041 | 0 | _apol | |
| 080 | _a94(430)::008 | ||
| 920 | _a83-01-14732-6 | ||
| 942 | _cKS | ||
| 008 | s pl f |000 0 pol | ||
| 999 |
_c52217 _d52217 |
||
| 856 |
_uhttp://koha.tu.koszalin.pl/cgi-bin/koha/opac-detail.pl?biblionumber=52217 _yKatalog online BPK |
||